Správanie klientov finančných inštitúcií

Salvato in:
Dettagli Bibliografici
Autore principale: Hasprová, Mária, 1970-
Natura: Capitolo di libro
Lingua:slovacco
Tags: Aggiungi Tag
Nessun Tag, puoi essere il primo ad aggiungerne!!

MARC

LEADER 00000naa$a2200000$$$4500
001 0141920
005 20240502072538.1
041 0 |a slo 
044 |a SK 
245 1 0 |a Správanie klientov finančných inštitúcií  |c Mária Hasprová 
100 1 |a Hasprová, Mária, 1970-